00585nam a22001697a 450000500170000000800410001702000240005804000130008205000170009510000160011224501240012825000200025226000430027230000290031552100510034470000200039520230223075843.0230223b |||||||| |||| 00| 0 eng d a9781444159226 (pbk) aKMUcKMU aHF 5381 2012 aHirsh Wendy aPlanning Your Career in a Week:bLearn in a week, what the experts learn in a lifteme/cWendy Hirsh and Charles Jackson aFourth Edition. aUS:bMcGrraw-Hill Companies,Inc.c2012 a121 pages.:bill.;c19cm aIncludes summary, notes, questions and answers aJackson Charles